00629nam a2200145Ia 4500008004100000050002400041100002100065245013700086260008600223300003400309521000700343942000700350999001900357952010700376140724s9999 xx 000 0 und d aLB 1576b.L864 2014 aLopez, Czavrene. aWildlife Palawan :ban online magazine and guidebook website design and layout for Katala Foundation Incorporated /cCzavrene Lopez. aLas Piñas, Philippines :bSouthville International School and Colleges,cc2014. a103 p. :bcol. Ill. ;c28 cm. aMA cTH c229351d229351 001040aCLbCLcTHESESd2014-07-24l0oLB 1576 .L864 2014pT0705r2018-05-15 00:00:00w2014-07-24yTH